fattering of mud crab in semi-intensive in khan prey nup, sihanouk ville (ការចិញ្ចឹមបំប៉នក្តាមថ្មតាមបែបពាក់កណ្តាលប្រពលវប្បកម្ម ក្នុងខ័ណ្ឌព្រៃនប់ ក្រុងព្រះសីហនុ) (Record no. 3768)

000 -LEADER
fixed length control field 00685nam a22001577a 4500
003 - CONTROL NUMBER IDENTIFIER
control field OSt
005 - DATE AND TIME OF LATEST TRANSACTION
control field 20151201093354.0
008 - FIXED-LENGTH DATA ELEMENTS--GENERAL INFORMATION
fixed length control field 151201b xxu||||| |||| 00| 0 eng d
040 ## - CATALOGING SOURCE
Transcribing agency RUA
082 ## - DEWEY DECIMAL CLASSIFICATION NUMBER
Classification number FIS SOM 2000 B172 Or.1
100 ## - MAIN ENTRY--PERSONAL NAME
9 (RLIN) 4049
Personal name SOM, PISETH.
245 ## - TITLE STATEMENT
Title fattering of mud crab in semi-intensive in khan prey nup, sihanouk ville (ការចិញ្ចឹមបំប៉នក្តាមថ្មតាមបែបពាក់កណ្តាលប្រពលវប្បកម្ម ក្នុងខ័ណ្ឌព្រៃនប់ ក្រុងព្រះសីហនុ)
260 ## - PUBLICATION, DISTRIBUTION, ETC. (IMPRINT)
Place of publication, distribution, etc. Phnom Penh
Name of publisher, distributor, etc. RUA
Date of publication, distribution, etc. 2000
300 ## - PHYSICAL DESCRIPTION
Extent 73p.
Other physical details ill.
Dimensions 29cm.
942 ## - ADDED ENTRY ELEMENTS (KOHA)
Source of classification or shelving scheme
Koha item type FIS
Holdings
Price effective from Date last seen Permanent Location Not for loan Date acquired Source of classification or shelving scheme Koha item type Lost status Withdrawn status Date last checked out Total Checkouts Shelving location Damaged status Barcode Current Location Full call number
2015-12-012024-05-30Library Block B 2015-12-01 FIS  2024-05-081B172 RUA027629Library Block BFIS SOM 2000 B172 Or.1
2015-12-012024-08-22Library Block B 2015-12-01 FIS  2024-08-033B172 RUA026145Library Block BFIS SOM 2000 B172 Or.2
2015-12-012024-12-13Library Block B 2015-12-01 FIS  2024-11-207B172 RUA027845Library Block BFIS SOM 2000 B172 Or.3
2015-12-012015-12-01Library Block B 2015-12-01 FIS    B172 RUA026217Library Block BFIS SOM 2000 B172 Or.4
2015-12-012015-12-01Library Block B 2015-12-01 FIS    B172 RUA027773Library Block BFIS SOM 2000 B172 Or.5
2015-12-012015-12-01Library Block B 2015-12-01 FIS    B172 RUA027761Library Block BFIS SOM 2000 B172 Or.6
មជ្ឈមណ្ឌលឯការនៃសាកលវិទ្យាល័យភូមិន្ទកសិកម្មចំការដូង

Powered by Koha